000 00456nam a2200181Ia 4500
001 3399
005 20260306145640.0
008 260306t1978||||xx |||||||||||||| ||spa||
041 _aESP
082 _a272
_bQ19 T. 3
100 _aQuaste, Johannes [1900-1987]
_eAUT
245 0 _aPatrologĂ­a:
_bla edad de oro de la literatura patrĂ­stica latina
260 _c1978
300 _a
_c20 cm.
650 _aGEN
654 _aCHU
942 _cLIB
_dJUS
_fJUS
_2ddc
_n
999 _c3399
_d3399